| 000 | 07073naa a2200565 4500 | ||
|---|---|---|---|
| 005 | 20100222120044.0 | ||
| 008 | 080910t xxu||||| |||| 00| 0 hin d | ||
| 010 | _aHIN-90870 | ||
| 020 |
_a9788188032606 _c255.00 |
||
| 020 | _c285.00 | ||
| 035 | _aB-400509-530 | ||
| 035 | _aHN-63216 | ||
| 037 | _bदिल्ली पुस्तक सदन | ||
| 037 | _bDBAD / PUB | ||
| 040 |
_adpl _bHN |
||
| 082 | _aक | ||
| 100 |
_aख़्वाजा अहमद अब्बास _923377 |
||
| 245 |
_aअलिफ लैला 1956: _cख़्वाजा अहमद अब्बास; एम. नदीम द्वारा अनुदित _bयानि पत्थर की सेज पर हजार रातें / |
||
| 246 |
_aAlif laila 1956 _bby K.H.Abbas |
||
| 260 |
_aदिल्ली _bदिल्ली पुस्तक सदन _c2010 |
||
| 270 |
_a30/36, लेन नं.9, विश्वास नगर, शाहदरा _bदिल्ली _e110032 |
||
| 300 |
_a208 पृ _c22सेमी (सजिल्द) |
||
| 650 |
_aलघु कथा साहित्य _923378 |
||
| 700 |
_aनदीम, एम. _923379 |
||
| 942 |
_adpl _cHN _2ddc _mख़्वाजाअ _hक |
||
| 999 |
_c34237 _d34237 |
||